000 00395nam a22001577a 4500
005 20180203105242.0
008 160427b xxu||||| |||| 00| 0 eng d
020 _a81-203-2317-3
041 _aeng
082 _b00267
_a004.165
100 _aMathivanan, N.
_9110
245 _aMicroprocessors, PC Hardware and Interfacing
260 _aNew Delhi
_bPHI Pvt Ltd.
_c2003
300 _a519
942 _cBK
999 _c89
_d89